MARC details
| 000 -CABECERA |
| campo de control de longitud fija |
01578nam a2200301 a 4500 |
| 001 - NÚMERO DE CONTROL |
| campo de control |
000045287 |
| 003 - IDENTIFICADOR DEL NÚMERO DE CONTROL |
| campo de control |
DO-SdBNP |
| 005 - FECHA Y HORA DE LA ÚLTIMA TRANSACCIÓN |
| campo de control |
20230327144422.0 |
| 007 - CAMPO FIJO DE DESCRIPCIÓN FÍSICA--INFORMACIÓN GENERAL |
| campo de control de longitud fija |
ta |
| 008 - DATOS DE LONGITUD FIJA--INFORMACIÓN GENERAL |
| campo de control de longitud fija |
150224s1986 dr ac r 000 0 spa d |
| 040 ## - FUENTE DE LA CATALOGACIÓN |
| Centro catalogador/agencia de origen |
DO-SdBNP |
| Lengua de catalogación |
spa |
| Centro/agencia transcriptor |
BNPHU |
| 082 #4 - NÚMERO DE LA CLASIFICACIÓN DECIMAL DEWEY |
| Número de clasificación |
720.97293 |
| Número de documento/Ítem |
C162a |
| Número de edición |
22 |
| 100 1# - ENTRADA PRINCIPAL--NOMBRE DE PERSONA |
| Nombre de persona |
Calventi, Rafael, |
| 9 (RLIN) |
22303 |
| Fechas asociadas al nombre |
1932 |
| 245 10 - MENCIÓN DE TÍTULO |
| Título |
Arquitectura contemporánea en República Dominicana = |
| Resto del título |
Contemporary architecture in the Dominican Republic / |
| Mención de responsabilidad, etc. |
Rafael Calventi; fotografías, Onorio Montas; traducción Arturo Calventi Thomen. |
| 246 13 - FORMA VARIANTE DE TÍTULO |
| Título propio/Titulo breve |
Contemporary architecture in the Dominican Republic |
| 260 ## - PUBLICACIÓN, DISTRIBUCIÓN, ETC. |
| Lugar de publicación, distribución, etc. |
Santo Domingo : |
| Nombre del editor, distribuidor, etc. |
Banco Nacional de la Vivienda, |
| Fecha de publicación, distribución, etc. |
1986. |
| 300 ## - DESCRIPCIÓN FÍSICA |
| Extensión |
222 p. : |
| Otras características físicas |
il., fots. ; |
| Dimensiones |
29 cm. |
| 490 0# - MENCIÓN DE SERIE |
| Mención de serie |
Banco Nacional de la Vivienda |
| 500 ## - NOTA GENERAL |
| Nota general |
Incluye datos biográficos del autor en las solapas |
| 504 ## - NOTA DE BIBLIOGRAFÍA, ETC. |
| Nota de bibliografía, etc. |
Bibliografía: p. 221-222 |
| 505 ## - NOTA DE CONTENIDO CON FORMATO |
| Nota de contenido con formato |
Introducción -- |
| Título |
Historia -- |
| -- |
Un breve discurso sobre la arquitectura en la historia dominicana : (1492-1965) / |
| Mención de responsabilidad |
Gustavo L. Moré, Arquiecto -- |
| Título |
Proyectos -- |
| -- |
Casas unifamiliares y de vacaciones -- |
| -- |
Casas multifamiliares -- |
| -- |
Hoteles -- |
| -- |
Arte y cultura -- |
| -- |
Iglesias -- |
| -- |
Deporte -- |
| -- |
Oficinas y bancos -- |
| -- |
Centros comerciales y administrativos -- |
| -- |
Hospitales -- |
| -- |
Miscelánea -- |
| -- |
Notas bibliográficas |
| 590 ## - NOTA LOCAL (RLIN) |
| Nota local |
Inventariado, 2019/BT |
| 650 #4 - PUNTO DE ACCESO ADICIONAL DE MATERIA--TÉRMINO DE MATERIA |
| Término de materia o nombre geográfico como elemento de entrada |
Arquitectura |
| Subdivisión geográfica |
República Dominicana |
| 9 (RLIN) |
54378 |
| Subdivisión general |
Historia |
| Subdivisión cronológica |
Siglo XX |
| 700 1# - PUNTO DE ACCESO ADICIONAL--NOMBRE DE PERSONA |
| Nombre de persona |
Montas, Onorio, |
| Término indicativo de función/relación |
fots. |
| 9 (RLIN) |
59042 |
| 700 1# - PUNTO DE ACCESO ADICIONAL--NOMBRE DE PERSONA |
| Nombre de persona |
Calventi Thomen, Arturo, |
| Término indicativo de función/relación |
tr. |
| 9 (RLIN) |
73312 |
| 910 ## - DATOS DE OPCIÓN DEL USUARIO (OCLC) |
| Datos de opción del usuario |
Validado. Control de calidad MFF |
| 942 ## - ELEMENTOS DE PUNTO DE ACCESO ADICIONAL (KOHA) |
| Fuente del sistema de clasificación o colocación |
Dewey Decimal Classification |
| Tipo de ítem Koha |
Libro |